| 000 | 00691nam a2200229Ia 4500 | ||
|---|---|---|---|
| 003 | OSt | ||
| 005 | 20251113152010.0 | ||
| 008 | 221004b |||||||| |||| 00| 0 eng d | ||
| 037 | _cRR | ||
| 040 |
_aCRL _cCRL _beng |
||
| 041 |
_2eng _aeng |
||
| 084 |
_aS:86g M5(RR) _qCL |
||
| 100 |
_aL'Abate, Luciano Ed. _986390 |
||
| 245 | 0 | _aHandbook of social skills training and search | |
| 260 |
_aNew York, USA: _bJohn Wiley; _c1985. |
||
| 300 |
_a648p. _ccm. |
||
| 490 | _aWiley series on personality processes, 1985 | ||
| 650 |
_aPSYCHOLOGY _9851242 |
||
| 700 |
_a Milan, Michael A Ed. _9139205 |
||
| 942 |
_hS:86g M5 _cREF _2CC _n0 |
||
| 999 |
_c995314 _d995314 |
||